| 000 | 00614nam a2200193 i 4500 | ||
|---|---|---|---|
| 001 | 26420 | ||
| 003 | ES-MaACL | ||
| 005 | 20230906153435.0 | ||
| 007 | t| | ||
| 008 | 030109s1973 sp ||||1| spa d | ||
| 100 | 1 |
_aAston, J. N. _923681 |
|
| 245 | 1 | 0 |
_aOrtopedía y traumatología / _cJ. N. Aston... ; [versión... revisada por... Jorge Ballester Soleda...]. |
| 260 |
_aBarcelona, etc : _bSalvat, _c[1973] |
||
| 300 |
_aXV, 363 p. : _bil. ; _c19 cm. |
||
| 650 | 4 |
_aOrtopedia. _9152852 |
|
| 650 | 4 |
_aTraumatología. _9159553 |
|
| 700 | 1 |
_aBallester Soleda, Jorge. _925024 |
|
| 852 |
_aES-MaACL _jC-53471 _bR.86309 |
||
| 999 |
_c26420 _d26420 |
||